00691cam a22002053a 45000010005000000030006000050050017000110080041000280400015000690420007000840500007000911000034000982450156001322600029002885060030003175160020003476530049003678300028004168560041004446700PGUSA20140828083136.0041001s2004||||xxu|||||s|||||000 | eng d aPGUSAbeng adc 4aPT1 aMeinhold, Wilhelm,d1797-185110aSidonia, the Sorceress :bthe Supposed Destroyer of the Whole Reigning Ducal House of Pomerania — Volume 1h[electronic resource] /cWilhelm Meinhold bProject Gutenberg,c2004 aPublic domain in the USA. aElectronic text aWitchcraft -- Pomerania (Poland and Germany) 0aProject Gutenbergv670040uhttp://www.gutenberg.org/ebooks/6700